Strategie samofinancování. 2 Maximalizace dividend

Akciová spoločnosť, ktorá nemá dostatok vlastných atraktívnych investičných príležitostí, vyplatí podstatnú časť disponibilného zisku svojim akcionárom vo forme dividend. Dividendy - podložené primerane vysokým ziskom. Veľkosť dividendy kolísa. Výhodnejšie je, ak spoločnosť vypláca relatívne stabiln...

Ausführliche Beschreibung

Gespeichert in:
Bibliographische Detailangaben
1. Verfasser: Klusoň, Václav
Format: Buchkapitel
Sprache:Tschechisch
Schlagworte:
Tags: Tag hinzufügen
Keine Tags, Fügen Sie das erste Tag hinzu!

MARC

LEADER 00000naa a2200000 4500
001 r015510
005 20221213082555.1
041 0 |a cze 
044 |a CZ 
245 1 0 |a Strategie samofinancování. 2  |b Maximalizace dividend  |c Václav Klusoň 
520 |a Akciová spoločnosť, ktorá nemá dostatok vlastných atraktívnych investičných príležitostí, vyplatí podstatnú časť disponibilného zisku svojim akcionárom vo forme dividend. Dividendy - podložené primerane vysokým ziskom. Veľkosť dividendy kolísa. Výhodnejšie je, ak spoločnosť vypláca relatívne stabilné dividendy - snaha o udržanie stability. Informácie o dividendách potrebuje a spracúva najmä kapitálový trh. 
610 2 0 |a hospodárstvo podniku finančné 
610 2 0 |a dividendy 
610 2 0 |a samofinancovanie 
610 2 0 |a akcionári 
610 2 0 |a trh kapitálový 
610 2 0 |a stratégia podniková 
100 1 |a Klusoň, Václav